| 000 | 01182nac a22002291u 4500 | ||
|---|---|---|---|
| 008 | 120103s2006 nju|||||r|||| 001 0 eng d | ||
| 010 | _a 2005018657 | ||
| 020 | _a0131522930 | ||
| 082 | 0 | 0 |
_a320.509 _bBAR _222 |
| 100 |
_aBaradat, Leon P., _928264 |
||
| 245 | 1 | 0 |
_aPolitical ideologies : _btheir origins and impact / _cLeon P. Baradat. |
| 250 | _a9th ed. | ||
| 260 |
_aUpper Saddle River, N.J. : _bPrentice-Hall,2006 _c2006. |
||
| 300 |
_axiv, 322 p. : _bill. ; _c23 cm. |
||
| 504 | _aIncludes bibliographical references and index. | ||
| 505 | 0 | _aIdeology -- The spectrum of political attitudes -- Nationalism -- The evolution of democratic theory -- Liberal democracy, capitalism, and beyond -- The liberal democratic process -- Anarchism -- Socialist theory -- Applied socialism -- Fascism and national socialism -- Ideologies in the developing world -- Feminism and ecologism/environmentalism. | |
| 650 | 0 |
_aPolitical science _xHistory _vTextbooks. _928265 _2BUEsh |
|
| 650 | 0 |
_aIdeology _xHistory _vTextbooks. _928266 _2BUEsh |
|
| 651 | _2BUEsh | ||
| 856 | 4 | 1 |
_3Table of contents _uhttp://www.loc.gov/catdir/toc/ecip0515/2005018657.html |
| 942 |
_cNB _k320.509B223 _2ddc |
||
| 999 |
_c24070 _d24042 |
||